01310nam a2200325 a 4500001001100000003000800011006001900019007001500038008004100053010001700094020002800111040002100139035002000160050002800180082001400208100002300222245008800245260005200333300004200385504006400427533015200491610002400643650005400667650002200721651005500743655002900798710001700827856012500844999001500969ebr5001738CaPaEBRm u cr cn|||||||||960104s1996 hiuab sb 001 0 eng  z 96004368  z0824817206 (alk. paper) aCaPaEBRcCaPaEBR a(OCoLC)4972554814aDS554.98.A5bM36 1996eb04a959.62201 aMannikka, Eleanor.10aAngkor Wath[electronic resource] :btime, space, and kingship /cEleanor Mannikka. aHonolulu :bUniversity of Hawaii Press,cc1996. axv, 341 p. :bill. (some col.), maps. aIncludes bibliographical references (p. 329-333) and index. aElectronic reproduction.bPalo Alto, Calif. :cebrary,d2013.nAvailable via World Wide Web.nAccess may be limited to ebrary affiliated libraries.20aAngkor Wat (Angkor) 0aBuddhist templeszCambodiazAngkor (Extinct city) 0aAstronomy, Khmer. 0aAngkor (Extinct city)xBuildings, structures, etc. 7aElectronic books.2local2 aebrary, Inc.40uhttp://site.ebrary.com/lib/rucke/Doc?id=5001738zAn electronic book accessible through the World Wide Web; click to view c1340d1340